000 01196nam a22003257a 4500
003 CHAP
005 20220329135936.0
008 971013s r 00010 d
010 _a44454
011 _a45426
035 _a49565
040 _cCHAP
082 _a630.72
_bI56p 1970
110 _aINIA. México. Centro de Investigaciones Agrícolas de Tamaulipas
_958547
245 _aInforme de labores, 1970
_b: Programa Sur del Estado (González)
260 _a(Río Bravo, Tamps.) :
_bEl Instituto,
_c(s.a.)
300 _a168 p.
590 _aBATCH-UPD
_b10
_c20130110
_lUCH01
_h0147
590 _aBATCH-UPD
_b10
_c20130110
_lUCH01
_h2016
590 _aBATCH-UPD
_b10
_c20130410
_lUCH01
_h1335
590 _aBATCH-UPD
_b10
_c20140805
_lUCH01
_h1145
590 _aCONVERSION
_b10
_c20130109
_lUCH01
_h1324
650 1 4 _aAgricultura
_xInvestigación.
_91577
650 1 4 _aAgricultura
_xTamaulipas.
_91833
901 _aBK
942 _cLIBRO
949 _a630.72 I56p 1970
_bBC
_cC
_d33724000563342
_eC
_h16365
_i49565
_mD
_si
949 _a630.72 I56p 1970
_bBC
_cLIBRO
_d33724000041489
_eLIBRO
_fc.2
_h24083
_i49565
_mD
_si
949 _a630.72 I56p 1970
_bBC
_cLIBRO
_d33724000042248
_eLIBRO
_fc.3
_h4222
_i49565
_mD
_si
999 _c44454
_d44454